| 000 | 00788nam a22002177a 4500 | ||
|---|---|---|---|
| 999 |
_c17759 _d17759 |
||
| 003 | AR-CdUCM | ||
| 008 | 190328b ||||| |||| 00| 0 spa d | ||
| 040 |
_aMUNICIPALIDAD PROVINCIAL DEL CUSCO _cBIBLIOTECA MUNICIPAL DEL CUSCO |
||
| 082 |
_a828.912 / _bK57 |
||
| 100 |
_aKipling, Rudyard _926003 |
||
| 245 | _aEl libro de las tierras vírgenes / | ||
| 260 |
_aSantiago de Chile : _bErcilla, _c1936. |
||
| 300 |
_a205 paginas ; _c18 cm. |
||
| 440 |
_aBiblioteca económica ; _nXIV _937935 |
||
| 505 | _aContenido : Correteos primaverales -- La canción final -- Quiquern -- Angutivaun Taina -- Rikki - tikki- tavi... | ||
| 650 |
_aFábulas inglesas _926005 |
||
| 650 |
_aSiglo XX _98 |
||
| 650 |
_aAnimales en la literatura _926006 |
||
| 942 |
_2ddc _cLIBROS |
||
| 945 |
_arah _d09/05/2019 |
||